[Event "AUT-ch U16/18 Girls"]
[Site "St Veit"]
[Date "2023.04.02"]
[Round "1"]
[White "Kipman, Luci"]
[Black "Kotlyar, Anfisa"]
[Result "0-1"]
[WhiteElo "839"]
[BlackElo "1389"]
[PlyCount "86"]
[EventDate "2023.04.02"]
[EventType "swiss"]
[EventRounds "7"]
[EventCountry "AUT"]
[SourceTitle "EXT 2024"]
[Source "ChessBase"]
[SourceDate "2023.10.10"]
[SourceVersion "1"]
[SourceVersionDate "2023.10.10"]
[SourceQuality "1"]

1. e4 d6 2. Nc3 g6 3. d4 Bg7 4. Nf3 c6 5. Bc4 Nf6 6. Ng5 d5 7. exd5 cxd5 8. Bb5+ Nc6 9. 0-0 0-0 10. Nf3 Ne4 11. Bxc6 bxc6 12. Qd3 Bf5 13. Nxe4 dxe4 14. Qc3 exf3 15. Qxf3 Bxc2 16. Qxc6 Rc8 17. Qb7 Qc7 18. Qb4 Rfd8 19. Bg5 Rd7 20. Be3 Qb7 21. Qxb7 Rxb7 22. b3 Rd7 23. Rae1 Bd3 24. g3 Bxf1 25. Kxf1 Rc2 26. a4 e6 27. Rd1 Rc3 28. Rc1 Rxc1+ 29. Bxc1 Bxd4 30. f4 Rb7 31. h4 Rxb3 32. g4 Rb1 33. h5 Rxc1+ 34. Ke2 gxh5 35. gxh5 Kg7 36. Kd2 Rc3 37. a5 Kf6 38. a6 Kf5 39. h6 Ke4 40. f5 exf5 41. Ke1 Ke3 42. Kd1 Bb6 43. Ke1 Rc1# 0-1

[Event "AUT-ch U12 Girls"]
[Site "St Veit"]
[Date "2019.06.09"]
[Round "3.3"]
[White "Kipman, Luci"]
[Black "Fabian, Julia"]
[Result "0-1"]
[WhiteElo "896"]
[BlackElo "1166"]
[PlyCount "34"]
[EventDate "2019.06.08"]
[EventType "swiss"]
[EventRounds "7"]
[EventCountry "AUT"]
[SourceTitle "EXT 2024"]
[Source "ChessBase"]
[SourceDate "2023.10.10"]
[SourceVersion "1"]
[SourceVersionDate "2023.10.10"]
[SourceQuality "1"]

1. e4 e5 2. Nf3 Nc6 3. Bc4 Bc5 4. Nc3 Nf6 5. d3 d6 6. Bg5 h6 7. Be3 Bb6 8. Bb5 0-0 9. Nd5 Be6 10. c4 a6 11. Ba4 Ng4 12. Qe2 Ba5+ 13. Nd2 Nb4 14. 0-0 Nxd5 15. exd5 Bf5 16. Nb3 Qh4 17. Rad1 Qxh2# 0-1

[Event "AUT-ch U12 Girls"]
[Site "St Kanzian"]
[Date "2018.05.22"]
[Round "7.8"]
[White "Kipman, Luci"]
[Black "Lemsitzer, Katharina"]
[Result "0-1"]
[WhiteElo "800"]
[BlackElo "929"]
[PlyCount "62"]
[EventDate "2018.05.19"]
[EventType "swiss"]
[EventRounds "7"]
[EventCountry "AUT"]
[SourceTitle "EXT 2024"]
[Source "ChessBase"]
[SourceDate "2023.10.10"]
[SourceVersion "1"]
[SourceVersionDate "2023.10.10"]
[SourceQuality "1"]

1. e4 c5 2. Nf3 e6 3. Bb5 Nf6 4. Nc3 Nc6 5. e5 Nd5 6. Ne4 Be7 7. d3 0-0 8. 0-0 d6 9. exd6 Bxd6 10. Bg5 f6 11. Bh4 Bc7 12. Nxc5 Qe8 13. c4 Nb6 14. Nd4 a6 15. Bxc6 bxc6 16. Qf3 Bd7 17. Nxd7 Qxd7 18. Nxc6 Qd6 19. Bg3 Qd7 20. Rae1 Rac8 21. Re4 Qxc6 22. Rfe1 Bxg3 23. Qxg3 Rce8 24. R1e3 Qd7 25. Qg4 f5 26. Qh5 g6 27. Qh6 fxe4 28. Rxe4 Qxd3 29. Re1 Rd8 30. g3 Nxc4 31. Re3 Nxe3 0-1

[Event "AUT-ch U12 Girls"]
[Site "St Kanzian"]
[Date "2018.05.21"]
[Round "6.5"]
[White "Indarbieva, Iman"]
[Black "Kipman, Luci"]
[Result "1-0"]
[WhiteElo "1242"]
[BlackElo "800"]
[PlyCount "71"]
[EventDate "2018.05.19"]
[EventType "swiss"]
[EventRounds "7"]
[EventCountry "AUT"]
[SourceTitle "EXT 2024"]
[Source "ChessBase"]
[SourceDate "2023.10.10"]
[SourceVersion "1"]
[SourceVersionDate "2023.10.10"]
[SourceQuality "1"]

1. e4 e5 2. Nf3 Nc6 3. Nc3 Bc5 4. Bb5 d6 5. h3 Nf6 6. d3 Bd7 7. Bg5 h6 8. Bh4 g5 9. Bg3 a6 10. Ba4 Qe7 11. Qd2 Qe6 12. Bb3 Qe7 13. Nd5 Qd8 14. c3 Be6 15. Nxf6+ Qxf6 16. Bd5 0-0-0 17. Bxc6 bxc6 18. d4 Bb6 19. dxe5 Qe7 20. exd6 cxd6 21. 0-0 g4 22. Bh4 Qd7 23. hxg4 Bc4 24. Bxd8 Bxd8 25. Rfd1 Be7 26. Qd4 Rg8 27. Qxc4 Qxg4 28. Qxa6+ Kb8 29. Kf1 Qxg2+ 30. Ke2 Rg4 31. Qxc6 Rg6 32. Qd7 Rf6 33. Rd3 d5 34. Rg1 Rg6 35. Rxg2 Rxg2 36. Qxe7 1-0

[Event "AUT-ch U12 Girls"]
[Site "St Kanzian"]
[Date "2018.05.21"]
[Round "5.8"]
[White "Kipman, Luci"]
[Black "Warmuth, Antonia"]
[Result "1-0"]
[WhiteElo "800"]
[BlackElo "904"]
[PlyCount "47"]
[EventDate "2018.05.19"]
[EventType "swiss"]
[EventRounds "7"]
[EventCountry "AUT"]
[SourceTitle "EXT 2024"]
[Source "ChessBase"]
[SourceDate "2023.10.10"]
[SourceVersion "1"]
[SourceVersionDate "2023.10.10"]
[SourceQuality "1"]

1. e4 e5 2. Nf3 Nc6 3. Bc4 Bc5 4. d3 Nf6 5. Nc3 h6 6. Be3 Bb6 7. Qd2 d6 8. h3 Be6 9. Bb5 0-0 10. 0-0-0 Qd7 11. Bxh6 gxh6 12. Qxh6 Nh7 13. Nh4 Rad8 14. Bc4 Rfe8 15. Bxe6 Rxe6 16. Qh5 Rf6 17. Rhf1 Bxf2 18. Nf5 Bd4 19. Na4 Re8 20. Rf3 Ree6 21. Rg3+ Rg6 22. Rg4 f6 23. Qxg6+ Kf8 24. Qg8# 1-0